书目信息 |
| 题名: |
平新乔《微观经济学十八讲》课后习题和强化习题详解
|
|
| 作者: | 金圣才 主编 | |
| 分册: | ||
| 出版信息: | 北京 中国石化出版社 2006.11 |
|
| 页数: | 252页 | |
| 开本: | 26cm | |
| 丛书名: | 国内外经典教材习题详解系列 | |
| 单 册: | ||
| 中图分类: | F016-44 | |
| 科图分类: | ||
| 主题词: | 微观经济学--wei guan jing ji xue--高等学校--解题 | |
| 电子资源: | ||
| ISBN: | 978-7-80164-948-5 | |
| 000 | 01133nam 2200253 450 | |
| 001 | 012008396596 | |
| 005 | 20080508175412.60 | |
| 010 | @a978-7-80164-948-5@dCNY32.80 | |
| 100 | @a20080508d2006 em y0chiy0120 ea | |
| 101 | 0 | @achi |
| 102 | @aCN@b110000 | |
| 105 | @ay q 000yy | |
| 106 | @ar | |
| 200 | 1 | @a平新乔《微观经济学十八讲》课后习题和强化习题详解@Aping xin qiao《wei guan jing ji xue shi ba jiang》ke hou xi ti he qiang hua xi ti xiang jie@f金圣才主编@Fjin sheng cai zhu bian |
| 210 | @a北京@c中国石化出版社@d2006.11 | |
| 215 | @a252页@d26cm | |
| 225 | 2 | @a国内外经典教材习题详解系列@Aguo nei wai jing dian jiao cai xi ti xiang jie xi lie |
| 330 | @a本书遵循原书的章目编排,共分18讲,每讲由两部分组成:第一部分是课(章)后习题详解,对所有习题都进行了详细的分析和解答;第二部分为强化习题详解,是参考大量国内外的相关资料补充了部分难题,以巩固和强化本章的知识难点。 | |
| 410 | 0 | @12001 @a国内外经典教材习题详解系列 |
| 606 | 0 | @a微观经济学@Awei guan jing ji xue@x高等学校@j解题 |
| 690 | @aF016-44@v4 | |
| 701 | 0 | @a金圣才@Ajin sheng cai@4主编 |
| 801 | 0 | @aCN@bQSSK@c20080508 |
| 905 | @b707492-94@dF016-44@eJ800@f3 | |
| 平新乔《微观经济学十八讲》课后习题和强化习题详解/金圣才主编.-北京:中国石化出版社,2006.11 |
| 252页;26cm.-(国内外经典教材习题详解系列) |
| ISBN 978-7-80164-948-5:CNY32.80 |
| 本书遵循原书的章目编排,共分18讲,每讲由两部分组成:第一部分是课(章)后习题详解,对所有习题都进行了详细的分析和解答;第二部分为强化习题详解,是参考大量国内外的相关资料补充了部分难题,以巩固和强化本章的知识难点。 |
| ● |
| 相关链接 |
|
|
|
正题名:平新乔《微观经济学十八讲》课后习题和强化
索取号:F016-44/J800
 
预约/预借
| 序号 | 登录号 | 条形码 | 馆藏地/架位号 | 状态 | 备注 |
| 1 | 707492 | 207074921 | 社科二线400B/400B社科库 31排3列1层/ [索取号:F016-44/J800] | 在馆 | |
| 2 | 707493 | 207074930 | 社科库409/409社科库 63排2列5层/ [索取号:F016-44/J800] |
已借出,限还日期为2022.11.02 借出人:刘玉晓 |
|
| 3 | 707494 | 207074949 | 社科库409/409社科库 63排2列5层/ [索取号:F016-44/J800] | 在馆 |